000 00700nam a2200241 i 4500
001 C2-0023531
003 PPAK
005 20190630222002.0
008 970203s1990 wau |||| ||||| | eng d
020 _a0861871235
040 _aPPAK
_beng
_cPPAK
_erda
082 0 4 _a956.92044
_223
090 0 0 _a956.92044
_bBRY
_dG
100 1 _aBrynen, Rex,
_eauthor
245 1 0 _aSonctuary and survival :
_bThe PLO in Lebanon
264 1 _aBoulder, Colorado :
_bWestview Press ,
_c1990
300 _ax, 255 pages ;
_c23 cm
336 _2rdacontent
_atext
337 _2rdamedia
_aunmediated
338 _2rdacarrier
_avolume
650 1 0 _aPalestinian Arabs - Lebanon - Politics and goverment
942 _ddc
_cB
999 _c4714
_d4714